DGT Steel and Cladding Ltd v Cubitt Building and Interiors Ltd (Record no. 79107)
[ view plain ]
| 000 -LEADER | |
|---|---|
| fixed length control field | 01699cab a22001935a 4500 |
| 001 - CONTROL NUMBER | |
| control field | L139848 |
| 008 - FIXED-LENGTH DATA ELEMENTS--GENERAL INFORMATION | |
| fixed length control field | 070815e20070704xxk f v 000 0 eng d |
| 035 ## - SYSTEM CONTROL NUMBER | |
| System control number | (Sirsi) u139848 |
| 041 0# - LANGUAGE CODE | |
| Language code of text/sound track or separate title | eng |
| 245 00 - TITLE STATEMENT | |
| Title | DGT Steel and Cladding Ltd v Cubitt Building and Interiors Ltd |
| Medium | [electronic resource] |
| 260 ## - PUBLICATION, DISTRIBUTION, ETC. | |
| Date of publication, distribution, etc. | 2007 |
| 520 ## - SUMMARY, ETC. | |
| Summary, etc. | [2007] EWHC 1584 (TCC), 4 July 2007. Considered whether a temporary stay of court proceedings should be granted pending adjudication of the underlying dispute. Defendant contractor (C) engaged claimant (D) as subcontractor to carry out external cladding works at a project in east London. The subcontract contained an adjudication provision. Disputes arose and D referred a claim to adjudication, based upon the alleged failure by C to operate the contractual mechanism for payment. C defended the claim, and the adjudicator found in C's favour. D commenced proceedings, and C applied to stop the litigation, arguing that the underlying dispute should first be the subject of adjudication. "Held": judgment for C and order made to stay the proceedings. It was found that the subcontract contained a binding adjudication agreement and therefore D was not entitled to commence court proceedings in breach of that provision. |
| 590 ## - LOCAL NOTE (RLIN) | |
| Local note | KA |
| 650 24 - SUBJECT ADDED ENTRY--TOPICAL TERM | |
| Topical term or geographic name entry element | DGT STEEL AND CLADDING LTD V CUBITT BUILDING AND INTERIORS LTD |
| 651 #4 - SUBJECT ADDED ENTRY--GEOGRAPHIC NAME | |
| Geographic name | England and Wales |
| Chronological subdivision | 1543- |
| 690 ## - LOCAL SUBJECT ADDED ENTRY--TOPICAL TERM (OCLC, RLIN) | |
| Topical term or geographic name as entry element | MANAGEMENT-DISPUTE AVOIDANCE, MANAGEMENT AND RESOLUTION-DISPUTE MANAGEMENT AND RESOLUTION-ALTERNATIVE DISPUTE RESOLUTION-ADJUDICATION |
| 856 40 - ELECTRONIC LOCATION AND ACCESS | |
| Uniform Resource Identifier | <a href="https://www.bailii.org/cgi-bin/markup.cgi?doc=/ew/cases/EWHC/TCC/2007/1584.html">https://www.bailii.org/cgi-bin/markup.cgi?doc=/ew/cases/EWHC/TCC/2007/1584.html</a> |
| Public note | View the judgment free of charge at www.bailii.org... |
| 942 ## - ADDED ENTRY ELEMENTS (KOHA) | |
| Suppress in OPAC | 0 |
| Withdrawn status | Lost status | Source of classification or shelving scheme | Damaged status | Not for loan | Home library | Current library | Shelving location | Date acquired | Total Checkouts | Full call number | Barcode | Date last seen | Copy number | Price effective from | Koha item type |
|---|---|---|---|---|---|---|---|---|---|---|---|---|---|---|---|
| Dewey Decimal Classification | Virtual | Virtual | Online | 15/08/2007 | ONLINE PUBLICATION | 139848-2001 | 06/08/2019 | 1 | 06/08/2019 | Law report |